000 00312nam a2200133Ia 4500
008 191201s2014 xx 000 0 und d
100 _aSCHILDT, Herbert
245 0 _aComplete Reference C++
250 _aRep
260 _aNew Delhi
_bTMH
_c2014
300 _a1023
650 _aM.Tech(CSE)
942 _2ddc
_cBK
_011
999 _c5988
_d5988